00340nam a2200109Ia 4500008004100000100002100041245004100062260001300103942000700116999001700123952009000140120527s9999 xx 000 0 und d aAyeni R.O. etal. aIntroductory University mathematics. bY - Book cBK c15430d15430 00104070aMAINbMAINcGENd2012-05-28l0p9634r2012-05-28 00:00:00w2012-05-28yBK